[Event "Automne"]
[Site "Gatineau CAN"]
[Date "2017.11.07"]
[Round "2"]
[White "Lepine, Louis"]
[Black "Traversy, Pierre"]
[Result "0-1"]
[WhiteElo "1042"]
[BlackElo "1207"]
[WhiteFideId "-1"]
[WhiteFideId "-1"]
[PlyCount "128"]
[GameId "2160767908309049"]
[EventDate "2017.11.07"]
[EventType "swiss"]
[EventRounds "5"]
[EventCountry "CAN"]
[SourceTitle "EXT 2022"]
[Source "ChessBase"]
[SourceDate "2021.10.06"]
[SourceVersion "1"]
[SourceVersionDate "2021.10.06"]
[SourceQuality "1"]

1. d4 d5 2. Nc3 Nf6 3. Bf4 c6 4. e3 Bf5 5. f3 h6 6. Bd3 Bxd3 7. Qxd3 e6 8. O-O-O Nbd7 9. Nge2 b5 10. e4 dxe4 11. Nxe4 Nxe4 12. fxe4 Be7 13. Nc3 a5 14. a4 b4 15. Nb1 O-O 16. b3 Rc8 17. c4 c5 18. d5 e5 19. Bg3 Qb6 20. Rhf1 Bf6 21. h4 Rcd8 22. Nd2 Rfe8 23. Nf3 Qd6 24. Bf2 Nf8 25. Rh1 Ng6 26. Qe3 Qe7 27. Rdg1 Kh7 28. g4 Qd6 29. g5 Be7 30. h5 Nf4 31. g6+ fxg6 32. hxg6+ Nxg6 33. Nh4 Nxh4 34. Bxh4 Bxh4 35. Rxh4 Re7 36. Qg3 Qf6 37. Qg4 Rf8 38. Rh5 Qf4+ 39. Qxf4 Rxf4 40. d6 Rd7 41. Rxe5 Rxd6 42. Re7 Rg6 43. Rxg6 Kxg6 44. e5 Rf5 45. e6 Kf6 46. Re8 Re5 47. Ra8 Rxe6 48. Rxa5 Rc6 49. Rb5 Ke5 50. a5 Kd4 51. Rb6 Rc7 52. a6 Ra7 53. Rb7 Rxa6 54. Rxg7 Rc6 55. Rd7+ Ke5 56. Rd5+ Kf6 57. Kd2 Ke6 58. Kd3 Rd6 59. Rxd6+ Kxd6 60. Ke3 Ke5 61. Kf3 Kd4 62. Kg4 Kc3 63. Kh5 Kxb3 64. Kxh6 Kxc4 0-1

[Event "Automne"]
[Site "Gatineau CAN"]
[Date "2017.11.07"]
[Round "2"]
[White "Masse-Garneau, Anthony"]
[Black "Simard, Paul"]
[Result "1-0"]
[WhiteElo "1440"]
[BlackElo "1207"]
[WhiteFideId "-1"]
[WhiteFideId "-1"]
[PlyCount "109"]
[GameId "2160767908309050"]
[EventDate "2017.11.07"]
[EventType "swiss"]
[EventRounds "5"]
[EventCountry "CAN"]
[SourceTitle "EXT 2022"]
[Source "ChessBase"]
[SourceDate "2021.10.06"]
[SourceVersion "1"]
[SourceVersionDate "2021.10.06"]
[SourceQuality "1"]

1. d4 d5 2. c4 dxc4 3. e3 e6 4. Bxc4 Nf6 5. Nf3 Nc6 6. O-O b6 7. Nc3 Bb7 8. Bb5 a6 9. Bxc6+ Bxc6 10. Ne5 Bb7 11. Qa4+ Nd7 12. Qxd7+ Qxd7 13. Nxd7 Kxd7 14. Bd2 Be7 15. Rac1 f5 16. f3 Rad8 17. Nd1 g5 18. Nf2 Rhg8 19. Nd3 Bd6 20. Bb4 a5 21. Bxd6 cxd6 22. Rc3 Ba6 23. Rfc1 Rc8 24. Rxc8 Rxc8 25. Rxc8 Kxc8 26. Nf2 Bc4 27. a3 h5 28. Nh3 g4 29. Nf4 gxf3 30. gxf3 h4 31. Ng6 h3 32. Kf2 b5 33. Nf4 e5 34. dxe5 dxe5 35. Nxh3 Kd7 36. Kg3 Be6 37. Kh4 f4 38. exf4 Bxh3 39. Kxh3 exf4 40. Kg4 Kc6 41. Kxf4 Kc5 42. h4 Kc4 43. h5 Kb3 44. h6 b4 45. h7 Kxb2 46. axb4 axb4 47. h8=Q+ Ka3 48. Qa8+ Kb3 49. Ke3 Kc3 50. Qc6+ Kb3 51. Kd2 Ka3 52. Kc2 b3+ 53. Kc3 Ka2 54. Qa4+ Kb1 55. Qxb3+ 1-0

[Event "Automne"]
[Site "Gatineau CAN"]
[Date "2017.11.14"]
[Round "3"]
[White "Berthiaume, Serge"]
[Black "Jobin, Gilles G"]
[Result "0-1"]
[WhiteElo "1431"]
[BlackElo "1792"]
[WhiteFideId "-1"]
[WhiteFideId "-1"]
[PlyCount "70"]
[GameId "2160767908309055"]
[EventDate "2017.11.07"]
[EventType "swiss"]
[EventRounds "5"]
[EventCountry "CAN"]
[SourceTitle "EXT 2022"]
[Source "ChessBase"]
[SourceDate "2021.10.06"]
[SourceVersion "1"]
[SourceVersionDate "2021.10.06"]
[SourceQuality "1"]

1. c4 d6 2. Nc3 e5 3. g3 f5 4. d3 Nf6 5. Bg2 c6 6. b4 d5 7. cxd5 Bxb4 8. Qb3 Nxd5 9. Bd2 Bxc3 10. Bxc3 Nxc3 11. Qxc3 Qf6 12. e4 Be6 13. Qb4 Nd7 14. Ne2 c5 15. Qxb7 O-O 16. O-O f4 17. Nc3 f3 18. Nd5 Qf7 19. Bh1 Rab8 20. Qc6 Bxd5 21. exd5 Rb6 22. Qa4 Qxd5 23. Qg4 Rb4 24. Qh5 g6 25. Qg5 Rd4 26. Rad1 Rf5 27. Qd8+ Kg7 28. Qa5 Rxd3 29. Rde1 Qb7 30. Rb1 Qd5 31. Ra1 Rf7 32. Qxa7 Nf6 33. Qa4 Ne4 34. Rad1 Nc3 35. Rxd3 Ne2# 0-1

[Event "Automne"]
[Site "Gatineau CAN"]
[Date "2017.11.14"]
[Round "3"]
[White "Legare, Gilles"]
[Black "Lecorre, Joel"]
[Result "0-1"]
[WhiteElo "1098"]
[BlackElo "1477"]
[WhiteFideId "-1"]
[WhiteFideId "-1"]
[PlyCount "136"]
[GameId "2160767908309059"]
[EventDate "2017.11.07"]
[EventType "swiss"]
[EventRounds "5"]
[EventCountry "CAN"]
[SourceTitle "EXT 2022"]
[Source "ChessBase"]
[SourceDate "2021.10.06"]
[SourceVersion "1"]
[SourceVersionDate "2021.10.06"]
[SourceQuality "1"]

1. e4 d5 2. exd5 Qxd5 3. Nf3 Nf6 4. c4 Qd8 5. Be2 Bg4 6. O-O e6 7. Nc3 c6 8. d3 Bd6 9. Bg5 h6 10. Bh4 Nbd7 11. Re1 Qc7 12. Bg3 O-O 13. Bxd6 Qxd6 14. Nd2 Bf5 15. Nf3 Rfd8 16. d4 a5 17. Bd3 Bg4 18. Be2 g5 19. g3 Qb4 20. Qd2 Bxf3 21. a3 Qb3 22. Bxf3 Qxc4 23. Rac1 Qa6 24. h4 Nh7 25. Qe3 Re8 26. h5 Nhf6 27. Ne4 Nxe4 28. Qxe4 Qb5 29. Qc2 Rac8 30. Be2 Qd5 31. Rcd1 f5 32. Qc3 b5 33. Bf3 Qc4 34. Qd2 Qb3 35. Bg2 b4 36. axb4 Qxb4 37. Qe2 Nf6 38. f3 Nxh5 39. Kh2 Nf6 40. Qe5 Kf7 41. Rf1 Qb5 42. Qe1 a4 43. g4 f4 44. Qc3 Nd5 45. Qc2 Kg7 46. Qe4 Ne3 47. d5 exd5 48. Qd4+ Kf7 49. Rfe1 c5 50. Qd2 Qb4 51. Qd3 Kg7 52. Rb1 Qc4 53. Qd2 Qc2 54. Qc3+ Qxc3 55. bxc3 Nxg2 56. Rb7+ Kf8 57. Ra1 Ne3 58. Rxa4 Nc4 59. Raa7 Nd6 60. Rh7 Re2+ 61. Kg1 Kg8 62. Rxh6 Nf7 63. Rb6 Rce8 64. Rb1 d4 65. Kf1 d3 66. Rbb7 Re1+ 67. Kg2 R8e2+ 68. Kh3 Rh1# 0-1

[Event "Automne"]
[Site "Gatineau CAN"]
[Date "2017.11.14"]
[Round "3"]
[White "Seguin, Hubert"]
[Black "Danilov, Alex"]
[Result "0-1"]
[WhiteElo "1610"]
[BlackElo "1688"]
[WhiteFideId "-1"]
[WhiteFideId "-1"]
[PlyCount "72"]
[GameId "2160767908309063"]
[EventDate "2017.11.07"]
[EventType "swiss"]
[EventRounds "5"]
[EventCountry "CAN"]
[SourceTitle "EXT 2022"]
[Source "ChessBase"]
[SourceDate "2021.10.06"]
[SourceVersion "1"]
[SourceVersionDate "2021.10.06"]
[SourceQuality "1"]

1. e4 c5 2. Nc3 e6 3. g3 Nc6 4. Bg2 Qc7 5. Nf3 a6 6. d4 cxd4 7. Nxd4 Nxd4 8. Qxd4 Nf6 9. e5 Bc5 10. Qf4 Nh5 11. Qg5 g6 12. f4 Rb8 13. Bd2 Be7 14. Qg4 b5 15. O-O-O Bb7 16. Qe2 b4 17. Ne4 Rc8 18. Be3 Qa5 19. Qd2 Bd5 20. Qd4 O-O 21. Nf6+ Nxf6 22. exf6 Bc5 23. Qd2 Bxg2 24. Bxc5 Qxa2 25. Qxg2 Rxc5 26. Rxd7 Qa1+ 27. Kd2 Qxb2 28. Qe4 b3 29. Rc1 Rd5+ 30. Rxd5 exd5 31. Qxd5 Qxf6 32. Qxb3 Rd8+ 33. Ke2 Qc6 34. c4 Qe4+ 35. Qe3 Qg2+ 36. Qf2 Re8+ 0-1

[Event "Automne"]
[Site "Gatineau CAN"]
[Date "2017.11.21"]
[Round "4"]
[White "Lecorre, Joel"]
[Black "Simard, Paul"]
[Result "1-0"]
[WhiteElo "1477"]
[BlackElo "1207"]
[WhiteFideId "-1"]
[WhiteFideId "-1"]
[PlyCount "89"]
[GameId "2160767908309069"]
[EventDate "2017.11.07"]
[EventType "swiss"]
[EventRounds "5"]
[EventCountry "CAN"]
[SourceTitle "EXT 2022"]
[Source "ChessBase"]
[SourceDate "2021.10.06"]
[SourceVersion "1"]
[SourceVersionDate "2021.10.06"]
[SourceQuality "1"]

1. e4 e5 2. Nf3 Nf6 3. Nxe5 d6 4. Nf3 Nxe4 5. Bc4 Be7 6. d3 Nf6 7. O-O O-O 8. a3 d5 9. Ba2 c5 10. b3 Nc6 11. Bb2 b6 12. Nbd2 Bb7 13. Re1 Qc7 14. Qe2 h6 15. Ne5 Nd4 16. Bxd4 cxd4 17. Ng6 fxg6 18. Qxe7 Qxe7 19. Rxe7 Bc6 20. Nf3 Rfe8 21. Rae1 a5 22. Nxd4 Bd7 23. c4 Kf8 24. R7e3 dxc4 25. dxc4 Rxe3 26. Rxe3 Rd8 27. f4 Bf5 28. Nxf5 Rd1+ 29. Kf2 Ng4+ 30. Ke2 gxf5 31. Rd3 Rxd3 32. Kxd3 Nxh2 33. b4 axb4 34. axb4 g5 35. c5 g4 36. Be6 h5 37. c6 h4 38. Bxf5 h3 39. gxh3 g3 40. Be4 Ke8 41. f5 Ke7 42. f6+ Kd6 43. f7 Ke7 44. c7 Kxf7 45. c8=Q 1-0

[Event "Automne"]
[Site "Gatineau CAN"]
[Date "2017.11.21"]
[Round "4"]
[White "Lemieux, Richard"]
[Black "Masse-Garneau, Anthony"]
[Result "1/2-1/2"]
[WhiteElo "1553"]
[BlackElo "1440"]
[WhiteFideId "-1"]
[WhiteFideId "-1"]
[PlyCount "120"]
[GameId "2160767908309071"]
[EventDate "2017.11.07"]
[EventType "swiss"]
[EventRounds "5"]
[EventCountry "CAN"]
[SourceTitle "EXT 2022"]
[Source "ChessBase"]
[SourceDate "2021.10.06"]
[SourceVersion "1"]
[SourceVersionDate "2021.10.06"]
[SourceQuality "1"]

1. e4 e5 2. f4 exf4 3. Nf3 d5 4. e5 Bg4 5. d4 Nc6 6. Bb5 Nge7 7. O-O g5 8. h3 Bh5 9. Qe1 Bh6 10. e6 f6 11. h4 Qd6 12. b3 Bg4 13. hxg5 fxg5 14. Ne5 Qxe6 15. Nxg4 Qxg4 16. Bxc6+ bxc6 17. Ba3 Bf8 18. Qe5 Rg8 19. Qxc7 f3 20. Rf2 Qxd4 21. c3 Qb6 22. Qe5 Rg7 23. gxf3 O-O-O 24. Nd2 Qc7 25. Qe3 Nf5 26. Qe6+ Qd7 27. Qxd7+ Kxd7 28. Bxf8 Rxf8 29. c4 d4 30. Ne4 Rg6 31. Rd2 a5 32. Re1 Kc7 33. Nc5 Ne3 34. Rxd4 Rxf3 35. Rd3 Rf5 36. Rd7+ Kc8 37. Rxh7 Rxc5 38. Rxe3 Rg8 39. Ree7 a4 40. Rc7+ Kb8 41. Rb7+ Kc8 42. Ra7 Kb8 43. Rxa4 Re5 44. Raa7 Rge8 45. Rab7+ Ka8 46. Rbf7 Re2 47. Rf2 Re1+ 48. Kg2 R8e2 49. Rhf7 Rxf2+ 50. Rxf2 Kb7 51. Kg3 Kb6 52. Kg4 Ka5 53. Kxg5 Kb4 54. Kf4 Re8 55. Rh2 c5 56. Kf3 Ka3 57. Rh5 Kxa2 58. Rxc5 Kxb3 59. Rc7 Re1 60. c5 Kb4 1/2-1/2

[Event "Automne"]
[Site "Gatineau CAN"]
[Date "2017.11.28"]
[Round "5"]
[White "Bourbonnais, Luc"]
[Black "Lecorre, Joel"]
[Result "0-1"]
[WhiteElo "1286"]
[BlackElo "1477"]
[WhiteFideId "-1"]
[WhiteFideId "-1"]
[PlyCount "44"]
[GameId "2160767908309078"]
[EventDate "2017.11.07"]
[EventType "swiss"]
[EventRounds "5"]
[EventCountry "CAN"]
[SourceTitle "EXT 2022"]
[Source "ChessBase"]
[SourceDate "2021.10.06"]
[SourceVersion "1"]
[SourceVersionDate "2021.10.06"]
[SourceQuality "1"]

1. e4 e5 2. Nf3 Nc6 3. Bb5 a6 4. Ba4 Nf6 5. O-O Be7 6. Re1 b5 7. Bb3 O-O 8. c3 d5 9. exd5 Nxd5 10. Nxe5 Nxe5 11. Rxe5 c6 12. d4 Bd6 13. Re1 Qh4 14. g3 Qh3 15. Qf3 Bg4 16. Qg2 Qh5 17. Nd2 Rae8 18. Rxe8 Rxe8 19. Qf1 Bh3 20. Qd1 Qxd1+ 21. Bxd1 Re1+ 22. Nf1 Rxf1# 0-1

[Event "British Columbia op"]
[Site "Richmond CAN"]
[Date "2017.02.11"]
[Round "1.2"]
[White "Cheng, Louis"]
[Black "Morozov, Grigory"]
[Result "0-1"]
[WhiteElo "1988"]
[BlackElo "2348"]
[WhiteFideId "-1"]
[WhiteFideId "-1"]
[PlyCount "88"]
[GameId "2160767908478556"]
[EventDate "2017.02.11"]
[EventType "swiss"]
[EventRounds "6"]
[EventCountry "CAN"]
[SourceTitle "EXT 2022"]
[Source "ChessBase"]
[SourceDate "2021.10.06"]
[SourceVersion "1"]
[SourceVersionDate "2021.10.06"]
[SourceQuality "1"]

1. Nf3 d5 2. e3 Nf6 3. b3 g6 4. Bb2 Bg7 5. h3 c5 6. Bb5+ Bd7 7. Be2 Nc6 8. O-O O-O 9. c4 d4 10. exd4 Nh5 11. Ne5 Nf4 12. Re1 cxd4 13. Nd3 Qc7 14. Nxf4 Qxf4 15. Bf3 Qg5 16. d3 f5 17. Ba3 Rfe8 18. Nd2 Rab8 19. Bc1 Qf6 20. c5 Ne5 21. Nc4 Nxc4 22. Bd5+ Kh8 23. Bxc4 e5 24. Qd2 Qc6 25. b4 b6 26. cxb6 Qxb6 27. b5 Bxb5 28. Rb1 Qc6 29. Bxb5 Rxb5 30. Ba3 Rxb1 31. Rxb1 e4 32. Bb2 e3 33. fxe3 dxe3 34. Bxg7+ Kxg7 35. Qb2+ Qf6 36. Qxf6+ Kxf6 37. Kf1 f4 38. Rb4 g5 39. h4 h6 40. Ra4 Re7 41. Ra6+ Kg7 42. hxg5 hxg5 43. a4 g4 44. Rc6 f3 0-1

[Event "British Columbia op"]
[Site "Richmond CAN"]
[Date "2017.02.11"]
[Round "1.3"]
[White "Pechisker, Alfred"]
[Black "Williamson, Jason"]
[Result "1-0"]
[WhiteElo "2237"]
[BlackElo "1986"]
[WhiteFideId "-1"]
[WhiteFideId "-1"]
[PlyCount "69"]
[GameId "2160767908478557"]
[EventDate "2017.02.11"]
[EventType "swiss"]
[EventRounds "6"]
[EventCountry "CAN"]
[SourceTitle "EXT 2022"]
[Source "ChessBase"]
[SourceDate "2021.10.06"]
[SourceVersion "1"]
[SourceVersionDate "2021.10.06"]
[SourceQuality "1"]

1. d4 Nf6 2. c4 g6 3. Nc3 Bg7 4. e4 d6 5. f3 O-O 6. Bg5 Nbd7 7. Nh3 c5 8. d5 Ne5 9. Nf2 h6 10. Be3 a6 11. Be2 Qc7 12. O-O b6 13. a4 Bb7 14. Qd2 Kh7 15. f4 Ned7 16. g4 e6 17. h4 exd5 18. exd5 Rae8 19. Rae1 Re7 20. g5 Ng8 21. Bd3 h5 22. Nfe4 Rfe8 23. f5 gxf5 24. Rxf5 Ne5 25. Rxe5 Bxe5 26. Nf6+ Kg7 27. Nce4 Qc8 28. Qg2 b5 29. axb5 axb5 30. b3 Bd4 31. Bxd4 cxd4 32. Qf3 Rxe4 33. Rxe4 Rxe4 34. Bxe4 bxc4 35. Qxh5 1-0

[Event "British Columbia op"]
[Site "Richmond CAN"]
[Date "2017.02.11"]
[Round "1.4"]
[White "Huang, Patrick"]
[Black "Doknjas, Joshua"]
[Result "0-1"]
[WhiteElo "1944"]
[BlackElo "2208"]
[WhiteFideId "-1"]
[WhiteFideId "-1"]
[PlyCount "84"]
[GameId "2160767908478558"]
[EventDate "2017.02.11"]
[EventType "swiss"]
[EventRounds "6"]
[EventCountry "CAN"]
[SourceTitle "EXT 2022"]
[Source "ChessBase"]
[SourceDate "2021.10.06"]
[SourceVersion "1"]
[SourceVersionDate "2021.10.06"]
[SourceQuality "1"]

1. e4 c5 2. Nf3 d6 3. d4 cxd4 4. Nxd4 Nf6 5. Nc3 a6 6. Be2 e5 7. Nb3 Be7 8. Be3 Be6 9. O-O O-O 10. f4 exf4 11. Rxf4 Nc6 12. Nd4 Nxd4 13. Bxd4 Nd7 14. Bg4 Bg5 15. Rf1 Ne5 16. Bxe6 fxe6 17. Rxf8+ Kxf8 18. Bxe5 dxe5 19. Qxd8+ Bxd8 20. Rd1 Ke7 21. g3 Ba5 22. Rd3 Rc8 23. Kf2 Bxc3 24. Rxc3 Rxc3 25. bxc3 Kd6 26. Ke3 Kc5 27. Kd3 Kb5 28. h3 Ka4 29. Kc4 b6 30. Kd3 Ka3 31. c4 Kxa2 32. c5 bxc5 33. Kc4 Kb2 34. Kxc5 Kxc2 35. Kd6 a5 36. Kxe6 a4 37. Kxe5 a3 38. Kd6 a2 39. e5 a1=Q 40. e6 Qa8 41. Kd7 Qd5+ 42. Ke7 Kd3 0-1

[Event "British Columbia op"]
[Site "Richmond CAN"]
[Date "2017.02.11"]
[Round "1.5"]
[White "Barranco, Francisco"]
[Black "Zhu, Brandon"]
[Result "1-0"]
[WhiteElo "2202"]
[BlackElo "1939"]
[WhiteFideId "-1"]
[WhiteFideId "-1"]
[PlyCount "75"]
[GameId "2160767908478559"]
[EventDate "2017.02.11"]
[EventType "swiss"]
[EventRounds "6"]
[EventCountry "CAN"]
[SourceTitle "EXT 2022"]
[Source "ChessBase"]
[SourceDate "2021.10.06"]
[SourceVersion "1"]
[SourceVersionDate "2021.10.06"]
[SourceQuality "1"]

1. d4 Nf6 2. Nf3 g6 3. c4 Bg7 4. Nc3 O-O 5. e4 d6 6. h3 e5 7. d5 Nh5 8. g3 a5 9. Be3 Qe8 10. Be2 f5 11. exf5 gxf5 12. Nh4 Nf6 13. Bd3 f4 14. Bc1 e4 15. Bc2 fxg3 16. fxg3 Nh5 17. Ne2 Na6 18. g4 Qe7 19. Ng2 Nf6 20. O-O Nc5 21. Ne3 Qe5 22. Nf5 Bxf5 23. Rxf5 Qe7 24. Bg5 Qd7 25. Qe1 h6 26. Be3 Nh7 27. Ng3 Rxf5 28. Nxf5 Ng5 29. Kh1 a4 30. Bxc5 dxc5 31. h4 Nf7 32. Qxe4 Re8 33. Qf4 Bxb2 34. Rf1 Re2 35. Nxh6+ Kg7 36. Qxf7+ Qxf7 37. Rxf7+ Kxh6 38. Rh7# 1-0

[Event "British Columbia op"]
[Site "Richmond CAN"]
[Date "2017.02.11"]
[Round "1.6"]
[White "Zhou, Aiden"]
[Black "Kenney, Jason"]
[Result "0-1"]
[WhiteElo "1911"]
[BlackElo "2201"]
[WhiteFideId "-1"]
[WhiteFideId "-1"]
[PlyCount "108"]
[GameId "2160767908478560"]
[EventDate "2017.02.11"]
[EventType "swiss"]
[EventRounds "6"]
[EventCountry "CAN"]
[SourceTitle "EXT 2022"]
[Source "ChessBase"]
[SourceDate "2021.10.06"]
[SourceVersion "1"]
[SourceVersionDate "2021.10.06"]
[SourceQuality "1"]

1. d4 Nf6 2. Bg5 g6 3. Bxf6 exf6 4. c4 f5 5. Nc3 d6 6. e3 Nd7 7. g3 Nf6 8. Bg2 h5 9. Nge2 h4 10. Qd3 c6 11. O-O-O Bg7 12. d5 c5 13. Rdf1 a6 14. f4 O-O 15. gxh4 b5 16. Bf3 bxc4 17. Qxc4 Ng4 18. Bxg4 fxg4 19. e4 Qxh4 20. Ng3 Rb8 21. a3 Bd7 22. Nge2 Qh3 23. Kc2 Bb5 24. Nxb5 axb5 25. Qb3 Qg2 26. Qe3 Rfe8 27. Rhg1 Rxe4 28. Rxg2 Rxe3 29. Kd2 Rb3 30. Rb1 f5 31. Kc2 c4 32. Nc3 Bxc3 33. bxc3 Rxa3 34. Re2 Ra2+ 35. Rb2 Rxb2+ 36. Kxb2 Kf7 37. Ka3 Rc8 38. Re6 Rh8 39. Re2 Rh3 40. Kb4 Rd3 41. Kxb5 Rxd5+ 42. Kxc4 Ra5 43. Kd4 Kf6 44. Rf2 g5 45. fxg5+ Kxg5 46. c4 f4 47. Ke4 Re5+ 48. Kd3 g3 49. Rg2 Kg4 50. hxg3 fxg3 51. Re2 Kf3 52. Rxe5 dxe5 53. c5 g2 54. c6 g1=Q 0-1

[Event "British Columbia op"]
[Site "Richmond CAN"]
[Date "2017.02.11"]
[Round "1.7"]
[White "McLaren, Brian"]
[Black "Doknjas, Neil"]
[Result "1-0"]
[WhiteElo "2198"]
[BlackElo "1886"]
[WhiteFideId "-1"]
[WhiteFideId "-1"]
[PlyCount "61"]
[GameId "2160767908478561"]
[EventDate "2017.02.11"]
[EventType "swiss"]
[EventRounds "6"]
[EventCountry "CAN"]
[SourceTitle "EXT 2022"]
[Source "ChessBase"]
[SourceDate "2021.10.06"]
[SourceVersion "1"]
[SourceVersionDate "2021.10.06"]
[SourceQuality "1"]

1. e4 c5 2. Nc3 a6 3. g3 b5 4. Bg2 Bb7 5. d3 e6 6. Nh3 d6 7. O-O Nf6 8. f4 Nbd7 9. Qe2 Nb6 10. Bd2 Be7 11. Rae1 O-O 12. g4 Nfd7 13. g5 Re8 14. f5 Ne5 15. Nd1 Qd7 16. Ne3 d5 17. f6 Bf8 18. Ng4 Nxg4 19. Qxg4 d4 20. Nf2 e5 21. fxg7 Bxg7 22. Qh4 Bc8 23. Bh3 Qd6 24. Ng4 Qg6 25. Nf6+ Bxf6 26. Rxf6 Qg7 27. Rxb6 Be6 28. Bxe6 fxe6 29. Qh6 Qd7 30. Rf1 Re7 31. Rf6 1-0

[Event "British Columbia op"]
[Site "Richmond CAN"]
[Date "2017.02.11"]
[Round "1.8"]
[White "Qu, Leo"]
[Black "Nyamdorj, Davaa-Ochir"]
[Result "0-1"]
[WhiteElo "1872"]
[BlackElo "2149"]
[WhiteFideId "-1"]
[WhiteFideId "-1"]
[PlyCount "82"]
[GameId "2160767908478562"]
[EventDate "2017.02.11"]
[EventType "swiss"]
[EventRounds "6"]
[EventCountry "CAN"]

1. d4 Nf6 2. Bf4 d5 3. e3 e6 4. Bd3 c5 5. c3 Bd6 6. Bg3 Nc6 7. Nf3 O-O 8. Nbd2 b6 9. e4 Be7 10. e5 Nh5 11. a3 a5 12. Qe2 c4 13. Bc2 b5 14. Ng5 Bxg5 15. Qxh5 g6 16. Qe2 h5 17. f4 Be7 18. Bf2 Kg7 19. g4 hxg4 20. Qxg4 Rh8 21. Ke2 Qg8 22. h4 Kf8 23. Nf1 Rb8 24. Ng3 b4 25. axb4 axb4 26. Ba4 Bd7 27. Bxc6 Bxc6 28. Ra6 Be8 29. Ra2 Qh7 30. Qf3 Bxh4 31. Nf1 g5 32. f5 f6 33. Ne3 Bh5 34. Ng4 Qxf5 35. Rg1 Qxf3+ 36. Kxf3 f5 37. Bxh4 Bxg4+ 38. Rxg4 fxg4+ 39. Kxg4 Rxh4+ 40. Kxg5 Rh2 41. Ra7 Rf2 0-1

[Event "British Columbia op"]
[Site "Richmond CAN"]
[Date "2017.02.11"]
[Round "1.9"]
[White "Sadoughian-Zadeh, Farshad"]
[Black "Zheng, Victor"]
[Result "1-0"]
[WhiteElo "2090"]
[BlackElo "1849"]
[WhiteFideId "-1"]
[WhiteFideId "-1"]
[PlyCount "63"]
[GameId "2160767908478563"]
[EventDate "2017.02.11"]
[EventType "swiss"]
[EventRounds "6"]
[EventCountry "CAN"]
[SourceTitle "EXT 2022"]
[Source "ChessBase"]
[SourceDate "2021.10.06"]
[SourceVersion "1"]
[SourceVersionDate "2021.10.06"]
[SourceQuality "1"]

1. d4 Nf6 2. c4 g6 3. g3 Bg7 4. Bg2 d6 5. Nf3 O-O 6. O-O c5 7. Nc3 Nbd7 8. h3 a6 9. e4 Qc7 10. d5 Rb8 11. a4 Ne5 12. Nxe5 dxe5 13. f4 Nh5 14. Kh2 Bd7 15. f5 b5 16. axb5 axb5 17. Bf3 Nf6 18. g4 bxc4 19. d6 exd6 20. g5 Ne8 21. f6 Bxf6 22. Nd5 Qd8 23. gxf6 Be6 24. Ne7+ Kh8 25. Nc6 Qc8 26. Nxb8 Nxf6 27. Na6 Bxh3 28. Rf2 d5 29. Bg5 Ng4+ 30. Bxg4 Bxg4 31. Bf6+ Kg8 32. Qd2 1-0

[Event "British Columbia op"]
[Site "Richmond CAN"]
[Date "2017.02.11"]
[Round "1.10"]
[White "O'Brien, Frank"]
[Black "Richardson, Kai"]
[Result "1/2-1/2"]
[WhiteElo "1772"]
[BlackElo "2083"]
[WhiteFideId "-1"]
[WhiteFideId "-1"]
[PlyCount "86"]
[GameId "2160767908478564"]
[EventDate "2017.02.11"]
[EventType "swiss"]
[EventRounds "6"]
[EventCountry "CAN"]
[SourceTitle "EXT 2022"]
[Source "ChessBase"]
[SourceDate "2021.10.06"]
[SourceVersion "1"]
[SourceVersionDate "2021.10.06"]
[SourceQuality "1"]

1. d4 d5 2. Bf4 e6 3. e3 Bd6 4. Bg3 Nf6 5. Nd2 O-O 6. Bd3 b6 7. Qe2 Bb7 8. Ngf3 c5 9. c3 Ne4 10. Bxd6 Qxd6 11. O-O Nd7 12. Rfd1 f5 13. Ne1 Rf6 14. f4 Rh6 15. Nef3 Rf8 16. Ne5 Nxe5 17. dxe5 Qe7 18. Nf3 c4 19. Bxe4 fxe4 20. Nd4 a6 21. Rf1 Bc8 22. Rf2 Bd7 23. Raf1 Qh4 24. g4 Rg6 25. Rg2 Qe7 26. g5 h6 27. h4 hxg5 28. hxg5 Qe8 29. Qh5 Kf7 30. f5 exf5 31. Nxf5 Bxf5 32. Rxf5+ Ke7 33. Rxf8 Kxf8 34. Rf2+ Ke7 35. Qg4 Re6 36. Rf5 Qg6 37. Qf4 Kd7 38. Kg2 Kc6 39. Kg3 Qh5 40. Rf7 Rg6 41. Rf5 Qh1 42. Kg4 Qd1+ 43. Kh4 Qh1+ 1/2-1/2

[Event "British Columbia op"]
[Site "Richmond CAN"]
[Date "2017.02.11"]
[Round "1.11"]
[White "Hiebert, Kenji"]
[Black "Gu, Chuyang"]
[Result "0-1"]
[WhiteElo "2078"]
[BlackElo "1731"]
[WhiteFideId "-1"]
[WhiteFideId "-1"]
[PlyCount "130"]
[GameId "2160767908478565"]
[EventDate "2017.02.11"]
[EventType "swiss"]
[EventRounds "6"]
[EventCountry "CAN"]
[SourceTitle "EXT 2022"]
[Source "ChessBase"]
[SourceDate "2021.10.06"]
[SourceVersion "1"]
[SourceVersionDate "2021.10.06"]
[SourceQuality "1"]

1. e4 c5 2. Nf3 d6 3. Bb5+ Nd7 4. O-O a6 5. Bd3 Ngf6 6. Re1 g6 7. c3 Bg7 8. Bc2 c4 9. b3 b5 10. a4 Bb7 11. d3 cxd3 12. Bxd3 bxa4 13. bxa4 Nc5 14. Qc2 Qa5 15. Nbd2 O-O 16. Nb3 Nxb3 17. Qxb3 Rab8 18. Qc2 Rfc8 19. Bd2 Qc5 20. c4 Ng4 21. Bf4 Bxa1 22. Rxa1 e5 23. Bg5 h6 24. Bc1 d5 25. exd5 Bxd5 26. h3 Nf6 27. Bxg6 Bxf3 28. gxf3 Qxc4 29. Qf5 Kg7 30. Bh5 Qh4 31. Bg4 Nxg4 32. hxg4 Qf6 33. Qh5 Rc3 34. Bxh6+ Qxh6 35. Qxe5+ Qf6 36. Qxb8 Rxf3 37. Ra2 Rf4 38. Qc8 Qd4 39. Qc2 Rxg4+ 40. Kf1 Rh4 41. a5 Qe5 42. Qc6 Qd4 43. Qc2 Rh5 44. Ra4 Qe5 45. Rg4+ Kh6 46. Qd2+ Kh7 47. Qd3+ Qf5 48. Qxf5+ Rxf5 49. Ra4 Kg6 50. Ke2 Kf6 51. Ra2 Ke6 52. Kd3 Kd6 53. Kc4 Kc6 54. Kd4 Kb5 55. Ke4 Rh5 56. f4 f6 57. Rd2 Kxa5 58. Rd5+ Rxd5 59. Kxd5 Kb5 60. Ke6 a5 61. Kxf6 a4 62. Kg6 a3 63. f5 a2 64. f6 a1=Q 65. f7 Qh8 0-1

[Event "British Columbia op"]
[Site "Richmond CAN"]
[Date "2017.02.11"]
[Round "1.12"]
[White "Zheng, Maven"]
[Black "Fratila, Adela"]
[Result "1/2-1/2"]
[WhiteElo "1705"]
[BlackElo "2050"]
[WhiteFideId "-1"]
[WhiteFideId "-1"]
[PlyCount "88"]
[GameId "2160767908478566"]
[EventDate "2017.02.11"]
[EventType "swiss"]
[EventRounds "6"]
[EventCountry "CAN"]
[SourceTitle "EXT 2022"]
[Source "ChessBase"]
[SourceDate "2021.10.06"]
[SourceVersion "1"]
[SourceVersionDate "2021.10.06"]
[SourceQuality "1"]

1. d4 a6 2. c4 b5 3. b3 Bb7 4. e3 e6 5. Nf3 c5 6. Bd3 Nf6 7. O-O bxc4 8. bxc4 Nc6 9. a3 Be7 10. Bb2 cxd4 11. exd4 O-O 12. Nc3 Qc7 13. Qc2 Na5 14. Qe2 Bxf3 15. gxf3 Nb3 16. Rad1 Qf4 17. Ne4 d5 18. Nxf6+ Bxf6 19. cxd5 exd5 20. Bc2 Na5 21. Qd3 g6 22. Bc1 Qh4 23. Kh1 Be7 24. f4 f5 25. Rde1 Bd6 26. Qf3 Kh8 27. Qxd5 Bxf4 28. Bxf4 Qxf4 29. Qe5+ Qxe5 30. dxe5 Nc4 31. Re2 Nxa3 32. Bb3 Kg7 33. e6 Rfe8 34. e7 Nb5 35. Re5 Ra7 36. Rfe1 Rc7 37. Kg2 Nd4 38. Ba4 Nb5 39. Re6 Ra7 40. h3 Kf7 41. Bb3 Kg7 42. Ba4 Kf7 43. Bb3 Kg7 44. Ba4 Kf7 1/2-1/2